Από την Εδέμ στο Καθαρτήριο / Η Γεωγραφία της Υπανάπτυξης (Record no. 503)
[ view plain ]
| 000 -LEADER | |
|---|---|
| fixed length control field | 01518cam a22001694a 4500 |
| 005 - ΗΜΕΡΟΜΗΝΙΑ ΚΑΙ ΩΡΑ ΤΕΛΕΥΤΑΙΑΣ ΕΝΗΜΕΡΩΣΗΣ | |
| Πεδίο ελέγχου | 20250605163937.0 |
| 008 - FIXED-LENGTH DATA ELEMENTS--GENERAL INFORMATION | |
| Πεδίο ελέγχου σταθερού μήκους | 250528s ||||||||||||||||||||||||d |
| 035 ## - SYSTEM CONTROL NUMBER | |
| System control number | 14892 |
| 040 ## - ΠΗΓΗ ΚΑΤΑΛΟΓΟΓΡΑΦΗΣΗΣ | |
| Φορέας πρωτότυπης καταλογογράφησης | MC Athens Campus Library |
| Γλώσσα καταλογογράφησης | Ελληνικά, Μοντέρνα (1453-) |
| Modifying agency | MC Athens Campus Library |
| Κανόνες περιγραφικής καταλογογράφησης | AACR2 |
| 245 1# - ΤΙΤΛΟΣ ΚΑΙ ΔΗΛΩΣΗ ΥΠΕΥΘΥΝΟΤΗΤΑΣ | |
| Τίτλος | Από την Εδέμ στο Καθαρτήριο / Η Γεωγραφία της Υπανάπτυξης |
| 260 ## - PUBLICATION, DISTRIBUTION, ETC. | |
| Name of publisher, distributor, etc. | Εξάντας |
| 520 ## - SUMMARY, ETC. | |
| Summary, etc. | Το βιβλίο αυτό πραγματεύεται ορισμένες από τις κύριες όψεις των επιπτώσεων της αναπτυξιακής διαδικασίας. Εισαγωγή, Η Γέννηση της Υπανάπτυξης: Από την Εκβιομηχάνιση στο Χρέος, Η Γεωγραφία του Υπερπληθυσμού: Ένας Κόσμος Δημογραφικά Διαιρεμένος, Η Έκρηξη των Πόλεων, Η Γεωργία της Ανάπτυξης: Πώς Πεθαίνει το Έτερον Ήμισυ;, Το Διατροφικό Όπλο, Σε Αναζήτηση του Ελντοράντο: Η Καταστροφή των Τροπικών Δασών, Η Σιωπηλή Κρίση: Χάνοντας το Έδαφος, Η Ενεργειακή Κρίση: Από τα Καυσόξυλα στη Βιομάζα, Προσωρινός Επίλογος: Τεχνολογική Προσαρμογή και Κοινωνικές Αναδιαρθρώσεις. |
| 700 1# - ΠΡΟΣΘΕΤΗ ΑΝΑΓΡΑΦΗ--ΦΥΣΙΚΟ ΠΡΟΣΩΠΟ | |
| Personal name | Μοδινός Μιχάλης |
| 9 (RLIN) | 684 |
| 942 ## - ADDED ENTRY ELEMENTS (KOHA) | |
| Koha item type | Books |
| Τύπος τεκμηρίου | Βιβλιοθήκη | Τρέχουσα τοποθεσία | Barcode | Αριθμός εισαγωγής | Ημερομηνία απόκτησης | Ταξιθετικό σύμβολο | Αριθμός αντιτύπου | Κατάσταση απόσυρσης | Κατάσταση χαμένου | Κατάσταση κατεστραμμένου | Μη δανεισμός | Σύνολο δανεισμών | Ημερομηνία τελευταίας εμφάνισης | Η τιμή ισχύει από |
|---|---|---|---|---|---|---|---|---|---|---|---|---|---|---|
| Books | MC Athens Campus Library | MC Athens Campus Library | 9780000005021 | 5955 | 05/06/2025 | 304.2 MOD | 1 | 05/06/2025 | 05/06/2025 |